Pediatric sports medicine : (Record no. 140435)
[ view plain ]
| 000 -LEADER | |
|---|---|
| fixed length control field | 03619nam a2200445 i 4500 |
| 001 - CONTROL NUMBER | |
| control field | ebr10800547 |
| 003 - CONTROL NUMBER IDENTIFIER | |
| control field | CaPaEBR |
| 006 - FIXED-LENGTH DATA ELEMENTS--ADDITIONAL MATERIAL CHARACTERISTICS--GENERAL INFORMATION | |
| fixed length control field | m o d |
| 007 - PHYSICAL DESCRIPTION FIXED FIELD--GENERAL INFORMATION | |
| fixed length control field | cr cn||||||||| |
| 008 - FIXED-LENGTH DATA ELEMENTS--GENERAL INFORMATION | |
| fixed length control field | 130607t20142014njua ob 001 0 eng|d |
| 020 ## - INTERNATIONAL STANDARD BOOK NUMBER | |
| Cancelled/invalid ISBN | 9781617110528 (alk. paper) |
| International Standard Book Number | 9781617119477 (e-book) |
| 040 ## - CATALOGING SOURCE | |
| Original cataloging agency | CaPaEBR |
| Language of cataloging | eng |
| Description conventions | rda |
| -- | pn |
| Transcribing agency | CaPaEBR |
| 035 ## - SYSTEM CONTROL NUMBER | |
| System control number | (OCoLC)865508537 |
| 050 14 - LIBRARY OF CONGRESS CALL NUMBER | |
| Classification number | RC1218.C45 |
| Item number | P43 2014eb |
| 082 04 - DEWEY DECIMAL CLASSIFICATION NUMBER | |
| Classification number | 617.1/027083 |
| Edition number | 23 |
| 130 0# - MAIN ENTRY--UNIFORM TITLE | |
| Uniform title | Pediatric sports medicine (Slack Incorporated) |
| 245 10 - TITLE STATEMENT | |
| Title | Pediatric sports medicine : |
| Remainder of title | essentials for office evaluation / |
| Statement of responsibility, etc | edited by Chris Koutures, Valarie Wong. |
| 264 #1 - PRODUCTION, PUBLICATION, DISTRIBUTION, MANUFACTURE, AND COPYRIGHT NOTICE | |
| Place of production, publication, distribution, manufacture | Thorofare, NJ : |
| Name of producer, publisher, distributor, manufacturer | Slack Incorporated, |
| Date of production, publication, distribution, manufacture, or copyright notice | [2014] |
| Date of production, publication, distribution, manufacture, or copyright notice | �2014 |
| 300 ## - PHYSICAL DESCRIPTION | |
| Extent | 1 online resource (331 pages) : |
| Other physical details | illustrations |
| 336 ## - CONTENT TYPE | |
| Content type term | text |
| Source | rdacontent |
| 337 ## - MEDIA TYPE | |
| Media type term | computer |
| Source | rdamedia |
| 338 ## - CARRIER TYPE | |
| Carrier type term | online resource |
| Source | rdacarrier |
| 504 ## - BIBLIOGRAPHY, ETC. NOTE | |
| Bibliography, etc | Includes bibliographical references and index. |
| 505 0# - FORMATTED CONTENTS NOTE | |
| Formatted contents note | section I. General information -- section II. Medical issues -- section III. Musculoskeletal issues. |
| 520 ## - SUMMARY, ETC. | |
| Summary, etc | "Pediatric Sports Medicine: Essentials for Office Evaluation Pediatric Sports Medicine: Essentials for Office Evaluation is a clinically relevant reference presented in a question-and-answer format designed to be a primary resource for all pediatric providers and health care professionals who work closely with children or young adults with sports related injuries. Dr. Chris Koutures and Dr. Valarie Wong explore the topics most commonly asked pertaining to pediatric sports medicine, in a casual, yet informative manner. The unique format of this cutting-edge book provides a rapid reference and "quick look-up" for today's busy practitioner. Pediatric Sports Medicine: Essentials for Office Evaluation includes unique chapters such as key sports medical terms and phrases, how to take a sports medicine history, what imaging studies to order, and how to determine safe return to play for many medical and musculoskeletal concerns. Additional features include: - Information on pediatric sports medicine rehabilitation - Tips on specialty referral - Generous use of tables and figures - Pictures of labeled images and radiographs that highlight key landmarks and points of emphasis. With contributions from many of the experts in the field, Pediatric Sports Medicine: Essentials for Office Evaluation is an easy-to-read resource for any medical practitioner, including physicians, nurse practitioners, physician assistants, residents, medical students, physical therapists, and athletic trainers, and many more, seeking to quickly expand their knowledge of pediatric sports medicine"--Provided by publisher. |
| 588 ## - SOURCE OF DESCRIPTION NOTE | |
| Source of description note | Description based on print version record. |
| 590 ## - LOCAL NOTE (RLIN) | |
| Local note | Electronic reproduction. Palo Alto, Calif. : ebrary, 2013. Available via World Wide Web. Access may be limited to ebrary affiliated libraries. |
| 650 #0 - SUBJECT ADDED ENTRY--TOPICAL TERM | |
| Topical term or geographic name as entry element | Pediatric sports medicine. |
| Topical term or geographic name as entry element | Clinical medicine. |
| Topical term or geographic name as entry element | Sports injuries in children |
| General subdivision | Diagnosis. |
| Topical term or geographic name as entry element | Sports injuries in children |
| General subdivision | Treatment. |
| 655 #0 - INDEX TERM--GENRE/FORM | |
| Genre/form data or focus term | Electronic books. |
| 700 1# - ADDED ENTRY--PERSONAL NAME | |
| Personal name | Koutures, Chris. |
| Personal name | Wong, Valarie. |
| 776 08 - ADDITIONAL PHYSICAL FORM ENTRY | |
| Display text | Print version: |
| Main entry heading | Pediatric sports medicine (Slack Incorporated). |
| Title | Pediatric sports medicine : essentials for office evaluation. |
| Place, publisher, and date of publication | Thorofare, NJ : Slack Incorporated, [2014] |
| Physical description | xii, 315 pages |
| International Standard Book Number | 9781617110528 |
| Record control number | (DNLM)101609938 |
| -- | (DLC) 2013022989 |
| 797 2# - LOCAL ADDED ENTRY--CORPORATE NAME (RLIN) | |
| Corporate name or jurisdiction name as entry element | ebrary. |
| 856 40 - ELECTRONIC LOCATION AND ACCESS | |
| Uniform Resource Identifier | <a href="http://site.ebrary.com/lib/rucke/Doc?id=10800547">http://site.ebrary.com/lib/rucke/Doc?id=10800547</a> |
| Public note | An electronic book accessible through the World Wide Web; click to view |
No items available.
